Lesikar's basic business communication / (Record no. 15361)
[ view plain ]
| 000 -LEADER | |
|---|---|
| fixed length control field | 01830cam a2200421 a 4500 |
| 001 - CONTROL NUMBER | |
| control field | 4506469 |
| 003 - CONTROL NUMBER IDENTIFIER | |
| control field | OSt |
| 005 - DATE AND TIME OF LATEST TRANSACTION | |
| control field | 20140310182723.0 |
| 008 - FIXED-LENGTH DATA ELEMENTS--GENERAL INFORMATION | |
| fixed length control field | 980410s1999 maua b 001 0 eng |
| 010 ## - LIBRARY OF CONGRESS CONTROL NUMBER | |
| LC control number | 98021173 |
| 020 ## - INTERNATIONAL STANDARD BOOK NUMBER | |
| International Standard Book Number | 0072929901 (alk. paper) |
| 020 ## - INTERNATIONAL STANDARD BOOK NUMBER | |
| International Standard Book Number | 0075619423 (package) |
| 020 ## - INTERNATIONAL STANDARD BOOK NUMBER | |
| International Standard Book Number | 0072929979 (disc) |
| 040 ## - CATALOGING SOURCE | |
| Original cataloging agency | DLC |
| Transcribing agency | DLC |
| Modifying agency | DLC |
| 050 00 - LIBRARY OF CONGRESS CALL NUMBER | |
| Classification number | HF 5721 |
| Item number | .L629 1999 |
| 082 00 - DEWEY DECIMAL CLASSIFICATION NUMBER | |
| Classification number | M 651.74 |
| -- | 8th ed. |
| Item number | L56 1999 |
| 100 1# - MAIN ENTRY--PERSONAL NAME | |
| Personal name | Lesikar, Raymond Vincent. |
| 245 10 - TITLE STATEMENT | |
| Title | Lesikar's basic business communication / |
| Statement of responsibility, etc | Lesikar, Raymond V.; Pettit, John D. Jr.; Flatley, Marie E. |
| 246 30 - VARYING FORM OF TITLE | |
| Title proper/short title | Basic business communication |
| 246 1# - VARYING FORM OF TITLE | |
| Display text | Title on disc: |
| Title proper/short title | Student workbook on CD-ROM to accompany Lesikar's basic business communication |
| 250 ## - EDITION STATEMENT | |
| Edition statement | 8th ed., International ed. |
| 260 ## - PUBLICATION, DISTRIBUTION, ETC. (IMPRINT) | |
| Place of publication, distribution, etc | Singapore : |
| Name of publisher, distributor, etc | Irwin/McGraw-Hill, |
| Date of publication, distribution, etc | c1999. |
| 300 ## - PHYSICAL DESCRIPTION | |
| Extent | xxi, 613 p. : |
| Other physical details | col. ill. ; |
| Dimensions | 28 cm. + |
| Accompanying material | 1 computer laser optical disc (4 3/4 in.) |
| 504 ## - BIBLIOGRAPHY, ETC. NOTE | |
| Bibliography, etc | Includes bibliographical references (p. [598]-606) and index. |
| 521 ## - TARGET AUDIENCE NOTE | |
| Target audience note | |
| 526 ## - STUDY PROGRAM INFORMATION NOTE | |
| Reading level | 1210L-1700L |
| 538 ## - SYSTEM DETAILS NOTE | |
| System details note | System requirements for accompanying computer disc: IBM PC, or 100% compatible with a 486/25 MHz processor, 8MB of RAM (16 MB recommended), double speed CD-RAM, Microsoft Window 95 and either Microsoft Explorer 3.0 or higher or Netscape Navigator 3.0 or higher. |
| 541 ## - IMMEDIATE SOURCE OF ACQUISITION NOTE | |
| -- | 1 |
| 562 ## - COPY AND VERSION IDENTIFICATION NOTE | |
| Number of copies | For circulation. 1 copy available in the collection |
| 650 #0 - SUBJECT ADDED ENTRY--TOPICAL TERM | |
| Topical term or geographic name as entry element | Commercial correspondence. |
| 650 #0 - SUBJECT ADDED ENTRY--TOPICAL TERM | |
| Topical term or geographic name as entry element | English language |
| General subdivision | Business English. |
| 650 #0 - SUBJECT ADDED ENTRY--TOPICAL TERM | |
| Topical term or geographic name as entry element | Business communication. |
| 700 1# - ADDED ENTRY--PERSONAL NAME | |
| Personal name | Pettit, John D. |
| 700 1# - ADDED ENTRY--PERSONAL NAME | |
| Personal name | Flatley, Marie Elizabeth. |
| 906 ## - LOCAL DATA ELEMENT F, LDF (RLIN) | |
| a | 7 |
| b | cbc |
| c | orignew |
| d | 1 |
| e | ocip |
| f | 19 |
| g | y-gencatlg |
| 942 ## - ADDED ENTRY ELEMENTS (KOHA) | |
| Source of classification or shelving scheme | Library of Congress Classification |
| Koha item type | Books |
| Call number prefix | |
| Withdrawn status | Lost status | Source of classification or shelving scheme | Damaged status | Home library | Current library | Shelving location | Date acquired | Total Checkouts | Full call number | Barcode | Date last seen | Copy number | Price effective from | Koha item type |
|---|---|---|---|---|---|---|---|---|---|---|---|---|---|---|
| Library of Congress Classification | College Library | College Library | General Circulation Section | 06/06/2013 | HF 5721 .L629 1999 | C4939 | 05/15/2018 | 1 | 11/14/2013 | Books |